Communes de Seine Maritime se terminant par "ville" - Statistiques

Statistiques générales
  • Ce quiz a été pris 9 fois
  • Le résultat moyen est 37 sur 241
Statistiques - réponses
Population Fin Commune % Correct
10 723 ... lès Rouen Déville lès Rouen
75%
1 174 ... Bellefosse Allouville Bellefosse
63%
753 ... en Caux Belleville en Caux
63%
6 291 ... Saint Pierre Franqueville Saint Pierre
63%
4 642 Montville
63%
29 530 ... lès Rouen Sotteville lès Rouen
63%
753 ... sous le Val Sotteville sous le Val
63%
409 ... sur Mer Sotteville sur Mer
63%
3 329 ... la Mi-Voie Amfreville la Mi-Voie
50%
183 ... les Champs Amfreville les Champs
50%
670 ... la Baignarde Biville la Baignarde
50%
105 ... la Rivière Biville la Rivière
50%
336 ... les Deux Églises Calleville les Deux Églises
50%
386 ... Caillot Gonfreville Caillot
50%
9 101 ... l'Orcher Gonfreville l'Orcher
50%
2 581 ... la Rivière Tourville la Rivière
50%
730 ... les Ifs Tourville les Ifs
50%
1 235 ... sur Arques Tourville sur Arques
50%
1 199 Anneville Ambourville
38%
435 ... sur Scie Anneville sur Scie
38%
367 ... l'Esneval Auzouville l'Esneval
38%
702 ... sur Ry Auzouville sur Ry
38%
151 ... sur Saâne Auzouville sur Saâne
38%
1 941 ... en Caux Bacqueville en Caux
38%
1 245 ... Crevon Blainville Crevon
38%
1 008 Bouville
38%
1 094 ... la Teinturière Grainville la Teinturière
38%
450 ... sur Ry Grainville sur Ry
38%
442 Grainville Ymauville
38%
980 ... sur Scie Longueville sur Scie
38%
307 ... sur Andelle Morville sur Andelle
38%
568 ... Ferrières Neuville Ferrières
38%
1 133 ... en Caux Ourville en Caux
38%
851 ... la Corbeline Touffreville la Corbeline
38%
223 ... sur Eu Touffreville sur Eu
38%
633 Trouville
38%
2 535 Yerville
38%
697 ... en Caux Berville en Caux
25%
555 ... sur Seine Berville sur Seine
25%
1 269 ... la Grenier Beuzeville la Grenier
25%
238 ... la Guérard Beuzeville la Guérard
25%
739 Blacqueville
25%
297 Bourville
25%
3 043 Cany Barville
25%
282 Claville Motteville
25%
784 Colleville
25%
250 ... sur Scie Crosville sur Scie
25%
2 516 Doudeville
25%
375 ... lès Baons Écretteville lès Baons
25%
164 ... sur Mer Écretteville sur Mer
25%
1 395 ... la Mallet Gonneville la Mallet
25%
530 ... sur Scie Gonneville sur Scie
25%
1 380 Hénouville
25%
117 Hermanville
25%
3 664 Isneauville
25%
2 416 ... Chant d'Oisel La Neuville Chant d'Oisel
25%
225 Manéhouville
25%
315 ... ès Plains Manneville ès Plains
25%
1 064 ... la Goupil Manneville la Goupil
25%
726 Martainville Épreville
25%
360 Mirville
25%
1 348 Néville
25%
1 022 Norville
25%
7 053 Notre Dame de Bondeville
25%
3 373 Offranville
25%
670 ... l'Abbaye Ouville l'Abbaye
25%
475 ... la Rivière Ouville la Rivière
25%
1 042 ... la Poterie Quévreville la Poterie
25%
192 ... du Val Ricarville du Val
25%
307 Riville
25%
618 Rouville
25%
1 566 Saint Martin de Boscherville
25%
1 125 Sierville
25%
1 461 Valliquerville
25%
983 ... sur Mer Varengeville sur Mer
25%
1 172 ... la Rue Vatteville la Rue
25%
1 050 Yainville
25%
445 ... sur Seine Yville sur Seine
25%
699 Anceaumeville
13%
353 ... sur Héricourt Ancourteville sur Héricourt
13%
377 ... Saint Victor Ancretiéville Saint Victor
13%
189 ... Bailleul Angerville Bailleul
13%
1 115 ... la Martel Angerville la Martel
13%
1 415 ... l'Orcher Angerville l'Orcher
13%
127 ... la Bras Long Anglesqueville la Bras Long
13%
668 ... l'Esneval Anglesqueville l'Esneval
13%
140 ... la Manuel Auberville la Manuel
13%
462 ... la Renault Auberville la Renault
13%
407 Authieux Ratiéville
13%
632 Bardouville
13%
487 Bellengreville
13%
183 Bénouville
13%
333 Bierville
13%
582 Bolleville
13%
1 389 ... du Grand Caux Bretteville du Grand Caux
13%
159 ... Saint Laurent Bretteville Saint Laurent
13%
244 Butot Vénesville
13%
472 Campneuseville
13%
320 ... les Deux Églises Canville les Deux Églises
13%
433 ... la Folletière Carville la Folletière
13%
101 ... Pot de Fer Carville Pot de Fer
13%
1 627 ... sur Mer Cauville sur Mer
13%
198 Cleuville
13%
152 Cléville
13%
169 Compainville
13%
168 ... la Mallet Crasville la Mallet
13%
212 ... la Roquefort Crasville la Roquefort
13%
106 Doudeauville
13%
991 Écrainville
13%
765 Émanville
13%
2 677 Épouville
13%
1 049 Épreville
13%
500 Esteville
13%
437 Étalleville
13%
485 Flamanville
13%
1 193 Froberville
13%
2 525 Gainneville
13%
443 Gerville
13%
455 Grémonville
13%
377 Greuville
13%
475 Guerville
13%
370 Hermeville
13%
649 ... sur Scie Heugleville sur Scie
13%
722 Heuqueville
13%
300 Heurteauville
13%
2 966 Houppeville
13%
432 ... en Caux Hugleville en Caux
13%
287 Ingouville
13%
208 ... les Grès Malleville les Grès
13%
338 Mathonville
13%
779 Motteville
13%
683 Normanville
13%
6 189 ... sur Mer Octeville sur Mer
13%
1 152 Petiville
13%
1 295 Pissy Pôville
13%
142 Reuville
13%
1 686 Rogerville
13%
1 208 Rolleville
13%
315 Royville
13%
863 Sainneville
13%
634 Saint Maclou de Folleville
13%
1 205 Saint Martin Osmonville
13%
900 Saint Pierre de Manneville
13%
2 323 Saint Pierre de Varengeville
13%
1 164 Saint Vigor d'Ymonville
13%
806 Sandouville
13%
899 ... sur Fécamp Senneville sur Fécamp
13%
1 147 Servaville Salmonville
13%
1 255 Tancarville
13%
543 ... aux Maillots Theuville aux Maillots
13%
673 Thil Manneville
13%
142 ... en Caux Tocqueville en Caux
13%
285 ... les Murs Tocqueville les Murs
13%
336 Varneville Bretteville
13%
436 Vassonville
13%
136 ... lès Quelles Veauville lès Quelles
13%
211 Vénestanville
13%
155 ... sur Mer Ancretteville sur Mer
0%
464 ... Vilmesnil Annouville Vilmesnil
0%
347 Anquetierville
0%
305 Anvéville
0%
224 Bailleul Neuville
0%
272 Bénarville
0%
175 Bénesville
0%
97 Bertheauville
0%
121 Bertreville
0%
344 ... Saint Ouen Bertreville Saint Ouen
0%
265 Blosseville
0%
595 Bosville
0%
216 Boudeville
0%
470 Bourdainville
0%
264 Cailleville
0%
512 Callengeville
0%
353 Canouville
0%
414 Cideville
0%
355 Clasville
0%
256 Cliponville
0%
113 Colmesnil Manneville
0%
500 Conteville
0%
220 Criquetot sur Longueville
0%
813 Criquetot sur Ouville
0%
352 Cuverville
0%
202 ... sur Yères Cuverville sur Yères
0%
408 Daubeuf Serville
0%
273 Dénestanville
0%
352 Envronville
0%
145 Ermenouville
0%
848 Étoutteville
0%
137 Fréauville
0%
365 Freulleville
0%
474 Ganzeville
0%
392 Gerponville
0%
2 893 Goderville
0%
734 Gommerville
0%
128 Gonzeville
0%
625 Graimbouville
0%
381 Grigneuseville
0%
89 Gueutteville
0%
377 ... les Grès Gueutteville les Grès
0%
537 Harcanville
0%
729 Hattenville
0%
109 Héberville
0%
310 Imbleville
0%
1 219 Incheville
0%
197 Lamberville
0%
320 Lammerville
0%
96 Lestanville
0%
397 Limpiville
0%
430 Maniquerville
0%
270 Melleville
0%
301 Mentheville
0%
159 Mésangueville
0%
749 Mesnil Panneville
0%
464 Ocqueville
0%
229 Oherville
0%
318 Omonville
0%
529 Ouainville
0%
159 Preuseville
0%
548 Quiberville
0%
79 Rainfreville
0%
1 186 Saint Aubin Celloville
0%
741 Sainte Hélèné Bondeville
0%
649 Saint Gilles de la Neuville
0%
837 Saint Jean de Folleville
0%
635 Saint Jean de la Neuville
0%
382 Saint Pierre Bénouville
0%
1 255 Saint Sauveur d'Émalleville
0%
767 Saint Vaast d'Équiqueville
0%
285 Sasseville
0%
348 Sauqueville
0%
189 Sorquainville
0%
674 Thérouldeville
0%
410 Thiergeville
0%
407 Thiétreville
0%
290 Thiouville
0%
105 Trémauville
0%
133 Vatierville
0%
294 Villainville
0%
230 Vinnemerville
0%
351 Virville
0%
573 Ypreville Biville
0%
Aucun quiz correspondant
Distribution des résultats
% des personnes avec chaque résultat
Percentile par nombre de réponses
Votre historique - résultats
Vous n’avez pas pris ce quiz